000 00756nam a2200289Ia 4500
001 4320
005 20240113233728.0
007 ta
008 050610s g b000 u asm u
020 _cPB
040 _aCotton College,Assam
041 _aasm
082 _a891.4111
_bSa 74 Sr
100 _aSarma, Satyendranath .
245 0 _aSri Sri Sankardev-Madhavdevar Bani /
_cSatyendranath Sarma.
_hTextual Documents
250 _a1st ed. /
260 _aGuwahati :
_bBina Library ,
_cnd.
300 _a97p. ;
_c22cm.
653 _aAssamese Poetry
653 _aReligious Literature
653 _aPG-Assamese
653 _aAssamese Literature
942 _2ddc
_cBK
999 _c4307
_d4307